Países más corruptos del mundo - Estadísticas

Estadísticas generales
  • Esta prueba ha sido intentada 44 veces
  • La puntuación promedio es 18 de 30
Estadísticas de respuestas
IPC País % Correcto
20 República Democrática del Congo
83%
24 Irán
80%
22 República del Congo
80%
13 Venezuela
77%
20 Chad
74%
23 Irak
74%
11 Somalia
74%
20 Afganistán
71%
20 Sudán
71%
13 Sudán del Sur
71%
17 Corea del Norte
69%
18 Libia
69%
17 Nicaragua
69%
13 Siria
66%
21 Eritrea
63%
23 Guatemala
60%
23 Honduras
60%
18 Turkmenistán
54%
16 Yemen
54%
24 Bangladesh
51%
24 República Centroafricana
51%
20 Tayikistán
51%
20 Birmania
49%
22 Camboya
49%
17 Guinea Ecuatorial
49%
17 Haití
49%
20 Burundi
46%
23 Azerbaiyán
26%
20 Comoras
23%
22 Guinea-Bisáu
20%
No se encontraron pruebas coincidentes
Distribución de puntuación
Porcentaje de gente con cada puntuación
Porcentaje por número respondido
Historial de tus puntuaciones
No has intentado esta prueba.